Fighting in a world on fire : (Record no. 751236)

MARC details
000 -LEADER
fixed length control field 01024cam a2200217 i 4500
020 ## - INTERNATIONAL STANDARD BOOK NUMBER
ISBN 9781804291252
082 00 - DEWEY DECIMAL CLASSIFICATION NUMBER
Classification number 363.738 74 MAL/F
100 1# - MAIN ENTRY--AUTHOR NAME
Personal name Malm, Andreas
245 10 - TITLE STATEMENT
Title Fighting in a world on fire :
Sub Title the next generation's guide to protecting the climate and saving our future /
Statement of responsibility, etc by Andreas Malm ; adapted by Jimmy Whipps, Llewyn Whipps.
250 ## - EDITION STATEMENT
Edition statement First edition paperback.
260 ## - PUBLICATION, DISTRIBUTION, ETC. (IMPRINT)
Place of publication . - London
Name of publisher : Verso
Year of publication ,2023
300 ## - PHYSICAL DESCRIPTION
Number of Pages xi, 259 pages :
Other physical details illustrations ;
520 ## - SUMMARY, ETC.
Summary, etc "An argument for bold action to stop climate change and a guide to successful activism, adapted for young people from climate expert Andreas Malm's best-selling book How to Blow Up a Pipeline"--
650 #0 - SUBJECT ADDED ENTRY--TOPICAL TERM
Topical Term Energy industries
Form subdivision Juvenile literature.
650 #0 - SUBJECT ADDED ENTRY--TOPICAL TERM
Topical Term Climate change mitigation
Form subdivision Juvenile literature.
650 #0 - SUBJECT ADDED ENTRY--TOPICAL TERM
Topical Term Ecoterrorism
Form subdivision Juvenile literature.
650 #0 - SUBJECT ADDED ENTRY--TOPICAL TERM
Topical Term Climatic changes
Form subdivision Juvenile literature.
700 1# - ADDED ENTRY--PERSONAL NAME
Personal name Malm, Andreas,
942 ## - ADDED ENTRY ELEMENTS (KOHA)
Source of classification or shelving scheme Dewey Decimal Classification
Koha item type Book
Holdings
Withdrawn status Lost status Source of classification or shelving scheme Damaged status Not for loan Home Library Current Location Date acquired Full call number Accession Number Price effective from Koha item type
    Dewey Decimal Classification     Dept. of Political Science Dept. of Political Science 25/02/2025 363.738 74 MAL/F POL23757 10/09/2025 Book